Bwana game : (Record no. 10046)
[ view plain ]
| 000 -LEADER | |
|---|---|
| fixed length control field | 00940cam a22002772 4500 |
| 001 - CONTROL NUMBER | |
| JCCL Control Number | 10046 |
| 003 - CONTROL NUMBER IDENTIFIER | |
| JCCL marc code | BD - JhCC |
| 005 - DATE AND TIME OF LATEST TRANSACTION | |
| control field | 20180404191734.0 |
| 008 - FIXED-LENGTH DATA ELEMENTS--GENERAL INFORMATION | |
| fixed length control field | 180404r1968uuuuenkabc 000 0aeng |
| 035 ## - SYSTEM CONTROL NUMBER | |
| system control number | OCLC ocm00463150 from D970806M |
| -- | (BD - JhCC)10046 |
| 040 ## - CATALOGING SOURCE | |
| Original cataloging agency | DLC |
| Transcribing agency | DLC |
| Modifying agency | UKM |
| -- | EQO |
| 041 ## - LANGUAGE CODE | |
| Language code of Book | eng |
| 050 0# - LIBRARY OF CONGRESS CALL NUMBER | |
| Classification number | SK575.K4 |
| Item number | A65 1968 |
| 082 ## - DEWEY DECIMAL CLASSIFICATION NUMBER | |
| Classification number | 639.9/0924 |
| -- | B |
| Author mark and Year | ADA 1968 |
| 100 1# - MAIN ENTRY--PERSONAL NAME | |
| Personal name | Adamson, George, |
| Dates associated with a name | 1906-1989. |
| 240 10 - UNIFORM TITLE | |
| Uniform title | Lifetime with lions |
| 245 10 - TITLE STATEMENT | |
| Title | Bwana game : |
| Remainder of title | the life story of George Adamson / |
| 260 ## - PUBLICATION, DISTRIBUTION, ETC. (IMPRINT) | |
| Place of publication, distribution, etc | London : |
| Name of publisher, distributor, etc | Collins & Harvill P., |
| Date of publication, distribution, etc | 1968. |
| 300 ## - PHYSICAL DESCRIPTION | |
| Pagination | 320 p. |
| Other physical details | illus. (part col.), col. maps (on lining paper), ports. |
| Dimensions | 23 cm. |
| 500 ## - GENERAL NOTE | |
| General note | American ed. (Garden City, N.Y., Doubleday) has title: A lifetime with lions. |
| 600 10 - SUBJECT ADDED ENTRY--PERSONAL NAME | |
| Personal name | Adamson, George, |
| Dates associated with a name | 1906-1989. |
| 650 #0 - SUBJECT ADDED ENTRY--TOPICAL TERM | |
| Topical term or geographic name as entry element | Game protection |
| Geographic subdivision | Kenya |
| General subdivision | Personal narratives. |
| 650 #0 - SUBJECT ADDED ENTRY--TOPICAL TERM | |
| Topical term or geographic name as entry element | Lion |
| General subdivision | Behavior. |
| 942 ## - ADDED ENTRY ELEMENTS (KOHA) | |
| Source of classification or shelving scheme | Dewey Decimal Classification |
| Koha item type | Reference |
| Source of classification or shelving scheme | Damaged status | Not for loan | Home library | Current library | Shelving location | Date of accession | Total Checkouts | Full call number | Barcode | Date last seen | Copy number | Koha item type |
|---|---|---|---|---|---|---|---|---|---|---|---|---|
| Dewey Decimal Classification | JCC Rouf Library | JCC Rouf Library | General Stacks | 04/04/2018 | 639.9/0924 ADA 1968 | 13371 | 04/04/2018 | C-1 | Reference |